| 000 | 00337nam a22001217a 4500 | ||
|---|---|---|---|
| 040 | _cNust | ||
| 082 |
_a658(PS) _bINT'E |
||
| 100 |
_aINT'E _9126994 |
||
| 245 | _aISO 9000 Forum Application Symposium | ||
| 260 |
_aNew Delhi: _bAllied Publishers Ltd, _c1994. |
||
| 650 |
_aISO 9000 Forum Application Symposium _9126995 |
||
| 942 |
_2ddc _cBK |
||
| 999 |
_c612367 _d612367 |
||